000 00315nam a2200133Ia 4500
008 151213s9999 xx 000 0 und d
245 _aSAS Language & Procedure I
250 _a2nd
260 _aCary Ne.USA
_bSAS Institute
_c1996
300 _a3113 p.
650 _aComputer
650 _aComputer
999 _c2138
_d2138